| Tag |
First Indicator |
Second Indicator |
Subfields |
| LEADER |
00000cam a2200000 i 4500 |
| 001 |
in00000054862 |
| 005 |
20220103114739.0 |
| 007 |
cr unu a |
| 008 |
800509s1979 txua b 00010 eng d |
| 035 |
|
|
|9 AAH1776AM
|
| 035 |
|
|
|a (OCoLC)06302050
|
| 040 |
|
|
|a TXA
|c TXA
|d UtOrBLW
|
| 049 |
|
|
|a TXAZ [Also in] [Archives]
|c 1 [1242661], 2 [1242662]
|
| 099 |
|
|
|a 1979
|a Thesis
|a B255
|
| 100 |
1 |
|
|a Barker, James Marshall.
|
| 245 |
1 |
4 |
|a The adiabatic adsorption-desorption characteristics of silica gel beds /
|c by James Marshall Barker.
|
| 264 |
|
1 |
|a [College Station, Tex.] :
|b Barker,
|c 1979.
|
| 300 |
|
|
|a xiii, 112 leaves :
|b graphs ;
|c 28 cm.
|
| 336 |
|
|
|a text
|b txt
|2 rdacontent
|
| 337 |
|
|
|a computer
|b c
|2 rdamedia
|
| 338 |
|
|
|a online resource
|b cr
|2 rdacarrier
|
| 500 |
|
|
|a "Major subject: Mechanical Engineering."
|
| 500 |
|
|
|a Vita.
|
| 502 |
|
|
|b M.S.
|c Texas A&M University.
|
| 504 |
|
|
|a Bibliography: leaf 73.
|
| 530 |
|
|
|a Also available online.
|
| 650 |
|
0 |
|a Drying apparatus.
|
| 650 |
|
4 |
|a Major mechanical engineering.
|
| 856 |
4 |
1 |
|u https://hdl.handle.net/1969.1/ETD-TAMU-1979-THESIS-B255
|z Link to OAKTrust copy
|t 0
|
| 999 |
|
|
|a MARS
|
| 999 |
f |
f |
|s 56aca8a2-47cd-35a5-8a83-51a8c9ea9262
|i 68f53ccb-6053-3e08-88bd-d68e85162a38
|t 0
|
| 952 |
f |
f |
|p noncirc
|a Texas A&M University
|b J.J. Pickle Campus
|c High Density Repository
|s HDR
|d Remote Storage
|t 0
|e 1979 Thesis B255
|h Other scheme
|i computer -- online resource
|m A14840994822
|
| 952 |
f |
f |
|a Texas A&M University
|b College Station
|c Electronic Resources
|s www_evans
|d Available Online
|t 0
|e 1979 Thesis B255
|h Other scheme
|
| 998 |
f |
f |
|a 1979 Thesis B255
|t 0
|l Available Online
|
| 998 |
f |
f |
|a 1979 Thesis B255
|t 0
|l Remote Storage
|